000 00309nam a2200109Ia 4500
008 200302s9999 xx 000 0 und d
100 _aGerhard Mack
245 _aHerzog and de neuron 1978-1988 Das Gesamtwerk band 1 the complete works Vol 1
260 _bBirkhauser Verlag Gmbh
260 _c2013
300 _a247
999 _c6193
_d6193